000 01256cam a2200361 a 4500
999 _c11485
_d11485
001 18036705
003 OSt
005 20191218150345.0
008 131213s2014 ii b 000 0 eng d
010 _a 2013413340
020 _a9788183876094
020 _a8183876099
025 _aI-E-2013-413340; 81-24
035 _a(OCoLC)ocn866857305
035 _a(OCoLC)866857305
037 _aLibrary of Congress -- New Delhi Overseas Office
040 _aDKAGE
_beng
_cDKAGE
_dDLC
042 _alccopycat
_alcode
043 _aa-ii---
050 0 0 _aHJ1339.K47
_bA49 2014
082 0 4 _a336.5483
_223
_bALW/R
100 _aAlwin, Jerry
_eauthor.
_9544
245 1 0 _aRecent trends in Kerala State finances /
_cJerry Alwin.
260 _aNew Delhi :
_bSerials Publications,
_c2014.
300 _ax, 193 pages ;
_c23 cm
500 _aOriginally presented as the author's thesis (Ph. D.)--University of Kerala, 2012.
504 _aIncludes bibliographical references (pages 187-193).
650 0 _aFinance, Public
_zIndia
_zKerala.
650 0 _aFiscal policy
_zIndia
_zKerala.
906 _a7
_bcbc
_ccopycat
_d3
_encip
_f20
_gy-gencatlg
942 _2ddc
_cBK
_h336.5483
_iALW/R
_k336.5483
_mALW/R